[Event "23rd European Teams"]
[Site "Terme Catez SLO"]
[Date "2021.11.15"]
[Round "4.2"]
[Board "1"]
[White "Grischuk, Alexander"]
[Black "Duda, Jan-Krzysztof"]
[Result "1/2-1/2"]
[WhiteTitle "GM"]
[BlackTitle "GM"]
[WhiteElo "2773"]
[BlackElo "2756"]
[WhiteTeam "Russia"]
[BlackTeam "Poland"]
[WhiteFideId "4126025"]
[BlackFideId "1170546"]
[EventDate "2021.11.12"]

1. e4 e5 2. Nf3 Nf6 3. Nxe5 d6 4. Nf3 Nxe4 5. d4 d5 6. Bd3 Bf5 7. O-O Be7 8. c4
dxc4 9. Bxc4 O-O 10. Nc3 Nc6 11. Re1 Nd6 12. Bd5 Nb4 13. Bb3 Nd3 14. Re3 Nxc1
15. Rxc1 Bg4 16. h3 Bxf3 17. Rxf3 Bg5 18. Rc2 c6 19. Na4 Re8 20. g3 Qe7 21. Kg2
Qe1 22. Qxe1 Rxe1 23. Nc5 Re7 24. Rd3 Rc8 25. d5 Rec7 26. dxc6 Rxc6 27. Re2 Rxc5
28. Rxd6 Kf8 29. Rd7 R5c7 30. Rxc7 Rxc7 31. Rc2 1/2-1/2

[Event "23rd European Teams"]
[Site "Terme Catez SLO"]
[Date "2021.11.15"]
[Round "4.2"]
[Board "2"]
[White "Wojtaszek, Radoslaw"]
[Black "Dubov, Daniil"]
[Result "0-1"]
[WhiteTitle "GM"]
[BlackTitle "GM"]
[WhiteElo "2700"]
[BlackElo "2714"]
[WhiteTeam "Poland"]
[BlackTeam "Russia"]
[WhiteFideId "1118358"]
[BlackFideId "24126055"]
[EventDate "2021.11.12"]

1. d4 Nf6 2. c4 g6 3. Nc3 d5 4. cxd5 Nxd5 5. Bd2 c5 6. e4 Nxc3 7. Bxc3 cxd4 8.
Bxd4 e5 9. Bc3 Bd6 10. Bb5+ Nc6 11. Nf3 O-O 12. O-O Qe7 13. h3 f6 14. Bxc6 bxc6
15. Qa4 Be6 16. Rfd1 a5 17. Qxc6 Bc5 18. Qa4 Rfc8 19. Rac1 Qf7 20. b3 Qb7 21.
Be1 Kf7 22. Rc2 Ke7 23. Kh2 g5 24. Bxa5 Rxa5 25. Qxa5 Bb4 26. Qa4 Rxc2 27. a3
Bd6 0-1

[Event "23rd European Teams"]
[Site "Terme Catez SLO"]
[Date "2021.11.15"]
[Round "4.2"]
[Board "3"]
[White "Alekseenko, Kirill"]
[Black "Piorun, Kacper"]
[Result "1/2-1/2"]
[WhiteTitle "GM"]
[BlackTitle "GM"]
[WhiteElo "2710"]
[BlackElo "2634"]
[WhiteTeam "Russia"]
[BlackTeam "Poland"]
[WhiteFideId "4135539"]
[BlackFideId "1130420"]
[EventDate "2021.11.12"]

1. e4 e6 2. d4 d5 3. Nc3 Bb4 4. e5 c5 5. a3 Ba5 6. b4 cxd4 7. Nb5 Bc7 8. f4 Bd7
9. Nf3 Bxb5 10. Bxb5+ Nc6 11. O-O Ne7 12. Bd3 Nf5 13. Bxf5 exf5 14. Bb2 Qd7 15.
Kh1 Bb6 16. Qd3 a6 17. Rad1 O-O 18. Bxd4 Nxd4 19. Nxd4 Bxd4 20. Qxd4 Qa4 21.
Qxd5 Qxa3 22. Qxb7 Qc3 23. Rd7 Qc4 24. Rfd1 Qxc2 25. e6 Rae8 26. R7d2 Qe4 27.
exf7+ Rxf7 28. Qxa6 Qxb4 29. Rd8 Re7 30. Qa2+ Kf8 31. Rxe8+ 1/2-1/2

[Event "23rd European Teams"]
[Site "Terme Catez SLO"]
[Date "2021.11.15"]
[Round "4.2"]
[Board "4"]
[White "Teclaf, Pawel"]
[Black "Artemiev, Vladislav"]
[Result "1/2-1/2"]
[WhiteTitle "IM"]
[BlackTitle "GM"]
[WhiteElo "2543"]
[BlackElo "2699"]
[WhiteTeam "Poland"]
[BlackTeam "Russia"]
[WhiteFideId "1185934"]
[BlackFideId "24101605"]
[EventDate "2021.11.12"]

1. e4 c5 2. Nf3 d6 3. Bb5+ Bd7 4. c4 Nf6 5. Nc3 g6 6. d4 cxd4 7. Nxd4 Bg7 8. O-O
Nc6 9. Be3 O-O 10. f3 a6 11. Bxc6 bxc6 12. c5 Qb8 13. cxd6 exd6 14. Qd2 Re8 15.
Bf4 Nh5 16. Be3 a5 17. Rad1 Nf6 18. Bf4 Nh5 19. Be3 Nf6 20. Bf4 Nh5 21. Be3 Nf6 1/2-1/2

[Event "23rd European Teams"]
[Site "Terme Catez SLO"]
[Date "2021.11.15"]
[Round "4.3"]
[Board "1"]
[White "Korobov, Anton"]
[Black "Shirov, Alexei"]
[Result "1/2-1/2"]
[WhiteTitle "GM"]
[BlackTitle "GM"]
[WhiteElo "2684"]
[BlackElo "2673"]
[WhiteTeam "Ukraine"]
[BlackTeam "Spain"]
[WhiteFideId "14105730"]
[BlackFideId "2209390"]
[EventDate "2021.11.12"]

1. d4 d5 2. c4 c6 3. Nf3 Nf6 4. Nc3 e6 5. Bg5 dxc4 6. e4 b5 7. e5 h6 8. Bh4 g5
9. Nxg5 hxg5 10. Bxg5 Nbd7 11. exf6 Bb7 12. h4 Nxf6 13. Rh3 Be7 14. g4 Qd7 15.
Qe2 b4 16. Qe5 bxc3 17. bxc3 Rg8 18. Bxf6 Rxg4 19. Bxe7 Qxe7 20. Rb1 O-O-O 21.
Rg3 Qxh4 22. Bg2 Rxg3 23. fxg3 Qe7 24. Rb4 Qc7 25. Qxc7+ Kxc7 26. Rxc4 Rg8 27.
Kf2 Rg5 28. Be4 Ra5 29. a4 Rh5 30. g4 Rg5 31. Kf3 a5 32. Kf4 f6 33. Bf3 Kd6 34.
Be4 Ba8 35. Bf3 Bb7 36. Ke4 1/2-1/2

[Event "23rd European Teams"]
[Site "Terme Catez SLO"]
[Date "2021.11.15"]
[Round "4.3"]
[Board "2"]
[White "Anton Guijarro, David"]
[Black "Volokitin, Andrei"]
[Result "1/2-1/2"]
[WhiteTitle "GM"]
[BlackTitle "GM"]
[WhiteElo "2669"]
[BlackElo "2656"]
[WhiteTeam "Spain"]
[BlackTeam "Ukraine"]
[WhiteFideId "2285525"]
[BlackFideId "14107090"]
[EventDate "2021.11.12"]

1. d4 Nf6 2. Nf3 d5 3. e3 c5 4. Be2 Nc6 5. O-O Bg4 6. h3 Bh5 7. dxc5 e6 8. a3
Bxc5 9. b4 Bd6 10. Nbd2 a5 11. b5 Ne5 12. Bb2 Bxf3 13. Bxf3 Rc8 14. Be2 O-O 15.
Rc1 Bb8 16. c4 Qd6 17. f4 Ned7 18. cxd5 exd5 19. Rxc8 Rxc8 20. Bg4 Rd8 21. Bxd7
Nxd7 22. Kh2 Nf8 23. Nf3 Qg6 24. Qd2 Bc7 25. Rc1 Ne6 26. Nd4 Nxd4 27. Bxd4 Bb6
28. a4 h5 29. Bxb6 Qxb6 30. Qd4 Qg6 31. Rc5 h4 32. Rxd5 Qg3+ 33. Kh1 Qe1+ 1/2-1/2

[Event "23rd European Teams"]
[Site "Terme Catez SLO"]
[Date "2021.11.15"]
[Round "4.3"]
[Board "4"]
[White "Santos Ruiz, Miguel"]
[Black "Onyshchuk, Volodymyr"]
[Result "1/2-1/2"]
[WhiteTitle "GM"]
[BlackTitle "GM"]
[WhiteElo "2603"]
[BlackElo "2622"]
[WhiteTeam "Spain"]
[BlackTeam "Ukraine"]
[WhiteFideId "22291482"]
[BlackFideId "14114038"]
[EventDate "2021.11.12"]

1. e4 c6 2. d4 d5 3. exd5 cxd5 4. Bd3 Nc6 5. c3 Nf6 6. Nf3 Bg4 7. h3 Bh5 8. Bf4
e6 9. Nbd2 Bd6 10. Bxd6 Qxd6 11. O-O O-O 12. Re1 Nd7 13. Qb1 Bg6 14. Bxg6 hxg6
15. a4 a6 16. Qd3 Rfe8 17. Re3 Ne7 18. a5 Qc7 19. Re2 Rac8 20. Nb3 Qf4 21. Qd2
Qxd2 22. Nbxd2 Nf5 23. Ra4 Nd6 24. h4 Rc6 25. Ne1 Rec8 26. Nd3 Kf8 27. g3 Nb5
28. Re1 Nd6 29. Kg2 Nc4 30. Nxc4 Rxc4 31. Ra3 Ke7 32. f4 Kd6 33. Kf3 Rb8 34.
Rea1 Rbc8 35. Rb3 Kc7 36. Raa3 Rh8 37. Ra1 1/2-1/2

[Event "23rd European Teams"]
[Site "Terme Catez SLO"]
[Date "2021.11.15"]
[Round "4.4"]
[Board "1"]
[White "Sargissian, Gabriel"]
[Black "Donchenko, Alexander"]
[Result "1-0"]
[WhiteTitle "GM"]
[BlackTitle "GM"]
[WhiteElo "2664"]
[BlackElo "2645"]
[WhiteTeam "Armenia"]
[BlackTeam "Germany"]
[WhiteFideId "13300881"]
[BlackFideId "24603295"]
[EventDate "2021.11.12"]

1. d4 Nf6 2. c4 e6 3. Nf3 d5 4. Nc3 Bb4 5. cxd5 exd5 6. Bg5 h6 7. Bh4 O-O 8. e3
Bf5 9. Qb3 Bxc3+ 10. bxc3 Nbd7 11. Be2 c5 12. dxc5 Nxc5 13. Qb4 Rc8 14. O-O g5
15. Bg3 Nfe4 16. Rad1 a5 17. Qa3 Qf6 18. Be5 Qe6 19. Bd4 b6 20. c4 dxc4 21. Ba1
Bg6 22. Nd4 Qd7 23. f3 Nd6 24. e4 Rfd8 25. Nf5 Nb5 26. Qb2 c3 27. Qxb5 Qxb5 28.
Ne7+ Kf8 29. Nxg6+ fxg6 30. Bxb5 c2 31. Rxd8+ Rxd8 32. Bb2 Nd3 33. Bxd3 Rxd3 34.
Kf2 Rd2+ 35. Ke3 Rxg2 36. Rf2 1-0

[Event "23rd European Teams"]
[Site "Terme Catez SLO"]
[Date "2021.11.15"]
[Round "4.4"]
[Board "2"]
[White "Keymer, Vincent"]
[Black "Martirosyan, Haik M."]
[Result "1-0"]
[WhiteTitle "GM"]
[BlackTitle "GM"]
[WhiteElo "2639"]
[BlackElo "2624"]
[WhiteTeam "Germany"]
[BlackTeam "Armenia"]
[WhiteFideId "12940690"]
[BlackFideId "13306553"]
[EventDate "2021.11.12"]

1. d4 Nf6 2. c4 e6 3. Nf3 d5 4. Nc3 Nbd7 5. cxd5 exd5 6. Qc2 c6 7. Bg5 Be7 8. e3
h6 9. Bh4 O-O 10. Bd3 Re8 11. O-O Ne4 12. Bxe4 Bxh4 13. Bh7+ Kf8 14. Bf5 Kg8 15.
b4 Nb6 16. Bh7+ Kh8 17. Bd3 Bf6 18. b5 cxb5 19. Nxb5 Bg4 20. Rfc1 a6 21. Nc3 Rc8
22. Qb3 Re7 23. Rab1 Rc6 24. Nd2 Rec7 25. h3 Be6 26. Ne2 Nc4 27. Qd1 Bc8 28.
Nxc4 dxc4 29. Be4 Rd6 30. Nc3 Be7 31. Qh5 Bf8 32. a4 b6 33. Bd5 f5 34. Qf3 g5
35. Rb4 g4 36. hxg4 fxg4 37. Qe4 Rf6 38. Rxc4 Bf5 39. Rxc7 Bxe4 40. Nxe4 Rg6 41.
Bf7 Rg7 42. Rc8 Qe7 43. Bd5 Qb4 44. Nc5 Kh7 45. Rxf8 Re7 46. Ne6 Rxe6 47. Rf7+ 1-0

[Event "23rd European Teams"]
[Site "Terme Catez SLO"]
[Date "2021.11.15"]
[Round "4.4"]
[Board "4"]
[White "Svane, Rasmus"]
[Black "Ter-Sahakyan, Samvel"]
[Result "1/2-1/2"]
[WhiteTitle "GM"]
[BlackTitle "GM"]
[WhiteElo "2628"]
[BlackElo "2615"]
[WhiteTeam "Germany"]
[BlackTeam "Armenia"]
[WhiteFideId "4657101"]
[BlackFideId "13302531"]
[EventDate "2021.11.12"]

1. d4 Nf6 2. c4 e6 3. Nf3 d5 4. g3 Bb4+ 5. Bd2 Be7 6. Bg2 O-O 7. O-O Nbd7 8. Qc2
c6 9. Bf4 b6 10. cxd5 cxd5 11. Rc1 Bb7 12. Bc7 Qe8 13. Qb3 Nb8 14. a4 Na6 15.
Bf4 Rc8 16. Nc3 Nh5 17. a5 Nxf4 18. gxf4 Rc4 19. e3 Rb4 20. Qc2 Qd8 21. axb6
Rxb6 22. Ne5 Nb4 23. Qd1 f6 24. Nd3 Nxd3 25. Qxd3 f5 26. Na4 Rb4 27. Nc5 Bc8 28.
Rxa7 Rxb2 29. Qc3 Rb8 30. Nd3 Bd6 31. Ne5 Bxe5 32. dxe5 Rf7 33. Qa3 Bd7 34. Qd6
Rb6 35. Ra8 Qxa8 36. Qxb6 Qe8 37. Qa6 Re7 38. Rc7 h6 39. h3 Rf7 40. Bf1 Re7 41.
Qd6 Kh7 42. Be2 Rf7 43. Rb7 Qc8 44. Rc7 Qe8 45. Qa6 g6 46. Qa7 Kg7 47. Qc5 Qa8
48. Qd6 Be8 49. Rc1 Bd7 50. Bf1 Qf8 51. Qb6 Qe8 52. Qa6 Qb8 53. Qa5 Be8 54. Qa6
Bd7 55. Rc5 g5 56. Bb5 gxf4 57. Bxd7 Qb1+ 58. Qf1 Qxf1+ 59. Kxf1 Rxd7 60. exf4
Ra7 61. Rc6 Kf7 62. Rb6 Ra4 63. Rb7+ Kf8 64. Rb6 Ke7 65. Rb7+ Ke8 66. Rb6 Ke7
67. Rb7+ 1/2-1/2

[Event "23rd European Teams"]
[Site "Terme Catez SLO"]
[Date "2021.11.15"]
[Round "4.5"]
[Board "1"]
[White "Firouzja, Alireza"]
[Black "Yilmaz, Mustafa"]
[Result "1-0"]
[WhiteTitle "GM"]
[BlackTitle "GM"]
[WhiteElo "2770"]
[BlackElo "2626"]
[WhiteTeam "France"]
[BlackTeam "Turkey"]
[WhiteFideId "12573981"]
[BlackFideId "6302718"]
[EventDate "2021.11.12"]

1. e4 c5 2. Nf3 d6 3. d4 cxd4 4. Nxd4 Nf6 5. Nc3 a6 6. Be3 e5 7. Nb3 Be6 8. Qd2
Nbd7 9. O-O-O Be7 10. h3 b5 11. g4 Rc8 12. Kb1 Nb6 13. g5 Nh5 14. h4 Nc4 15.
Bxc4 Rxc4 16. Nd5 Bxd5 17. Qxd5 Qc7 18. Nd2 Rc6 19. Rc1 O-O 20. c3 g6 21. Rc2
Rb8 22. Rhc1 a5 23. b4 Rc8 24. a4 axb4 25. Qxc6 Qxc6 26. cxb4 Qxc2+ 27. Rxc2 Rb8
28. a5 Nf4 29. Rc7 Bd8 30. Rd7 Nd3 31. a6 Nxb4 32. a7 Ra8 33. Rxd6 Bc7 34. Rd7
Na6 35. Rd5 Ba5 36. Nb3 1-0

[Event "23rd European Teams"]
[Site "Terme Catez SLO"]
[Date "2021.11.15"]
[Round "4.5"]
[Board "2"]
[White "Dastan, Muhammed Batuhan"]
[Black "Vachier-Lagrave, Maxime"]
[Result "0-1"]
[WhiteTitle "GM"]
[BlackTitle "GM"]
[WhiteElo "2572"]
[BlackElo "2766"]
[WhiteTeam "Turkey"]
[BlackTeam "France"]
[WhiteFideId "6300014"]
[BlackFideId "623539"]
[EventDate "2021.11.12"]

1. d4 Nf6 2. c4 e6 3. Nc3 d5 4. cxd5 exd5 5. Bg5 c6 6. e3 Be7 7. Bd3 Nbd7 8.
Nge2 h6 9. Bh4 Nh5 10. Bxe7 Qxe7 11. g4 Nhf6 12. Ng3 Nb6 13. Nf5 Qf8 14. Qf3 g6
15. Nxh6 Qxh6 16. Qxf6 Bxg4 17. Qe5+ Be6 18. Qc7 Qf8 19. Qxb7 Qd6 20. Qa6 Rxh2
21. Rxh2 Qxh2 22. Na4 Bc8 23. Qa5 Rb8 24. b3 Rb7 25. Nc5 Re7 26. Qd2 Bg4 27. Bf1
f5 28. Nd3 Nd7 29. Rc1 Re6 30. Nc5 Nxc5 31. Rxc5 f4 32. Rc3 Qg1 33. f3 Bxf3 34.
Qf2 Qg3 35. Ba6 g5 36. b4 Rh6 37. exf4 Re6+ 0-1

[Event "23rd European Teams"]
[Site "Terme Catez SLO"]
[Date "2021.11.15"]
[Round "4.5"]
[Board "3"]
[White "Bacrot, Etienne"]
[Black "Can, Emre"]
[Result "0-1"]
[WhiteTitle "GM"]
[BlackTitle "GM"]
[WhiteElo "2647"]
[BlackElo "2570"]
[WhiteTeam "France"]
[BlackTeam "Turkey"]
[WhiteFideId "605506"]
[BlackFideId "6302181"]
[EventDate "2021.11.12"]

1. e4 d6 2. d4 Nf6 3. Nc3 e5 4. Nf3 Nbd7 5. Bc4 Be7 6. O-O O-O 7. Re1 c6 8. a4
h6 9. a5 Rb8 10. Bb3 Re8 11. h3 exd4 12. Nxd4 Nc5 13. Bf4 Nxb3 14. Nxb3 Be6 15.
Nd4 Bf8 16. a6 Nd7 17. b3 Qc7 18. axb7 Qxb7 19. Qd3 g5 20. Bg3 Nc5 21. Qf3 Rbd8
22. e5 d5 23. b4 Na6 24. Reb1 Nxb4 25. Nd1 Qc8 26. Nxe6 Qxe6 27. c3 Nc2 28. Rxa7
d4 29. Rbb7 Re7 30. Rxe7 Bxe7 31. Qd3 Na3 32. cxd4 Nb5 33. Ra4 Bc5 34. Kh2 Bxd4
35. Ra6 Qc8 36. Ra4 Bxf2 37. Qf1 Bxg3+ 38. Kxg3 Qe6 39. Re4 f5 40. Re1 Rd5 41.
Qe2 Nd4 42. Qb2 Kh7 43. Qb8 Nc2 44. Re2 Rd3+ 45. Kh2 Nd4 46. Re1 Rd2 47. Qb4
Nf3+ 48. Kg3 h5 49. Qa5 Rd5 50. Qa7+ Rd7 51. Qxd7+ Qxd7 52. Kxf3 Qd2 53. Rf1 g4+
54. Kg3 Qe2 55. Rxf5 Qxd1 0-1

[Event "23rd European Teams"]
[Site "Terme Catez SLO"]
[Date "2021.11.15"]
[Round "4.5"]
[Board "4"]
[White "Sanal, Vahap"]
[Black "Moussard, Jules"]
[Result "1/2-1/2"]
[WhiteTitle "GM"]
[BlackTitle "GM"]
[WhiteElo "2590"]
[BlackElo "2632"]
[WhiteTeam "Turkey"]
[BlackTeam "France"]
[WhiteFideId "6300545"]
[BlackFideId "642908"]
[EventDate "2021.11.12"]

1. e4 e5 2. Nf3 Nf6 3. Nxe5 d6 4. Nf3 Nxe4 5. d4 d5 6. Bd3 Bb4+ 7. c3 Bd6 8. O-O
O-O 9. c4 c6 10. Nc3 Nxc3 11. bxc3 dxc4 12. Bxc4 Bf5 13. Bd3 Bxd3 14. Qxd3 Nd7
15. c4 Re8 16. Rb1 b6 17. Bb2 Qf6 18. Rfe1 Qg6 19. Qb3 Nf8 20. d5 cxd5 21. cxd5
Rac8 22. g3 Qg4 23. Be5 Bc5 24. Kg2 Ng6 25. h3 Qf5 26. Bd4 Red8 27. Be5 Re8 28.
Bd4 Red8 29. Be5 Re8 1/2-1/2

[Event "23rd European Teams"]
[Site "Terme Catez SLO"]
[Date "2021.11.15"]
[Round "4.6"]
[Board "1"]
[White "Lenic, Luka"]
[Black "Giri, Anish"]
[Result "1/2-1/2"]
[WhiteTitle "GM"]
[BlackTitle "GM"]
[WhiteElo "2633"]
[BlackElo "2774"]
[WhiteTeam "Slovenia 1"]
[BlackTeam "Netherlands"]
[WhiteFideId "14603853"]
[BlackFideId "24116068"]
[EventDate "2021.11.12"]

1. d4 d5 2. c4 c6 3. Nf3 Nf6 4. Nc3 dxc4 5. a4 Bf5 6. e3 e6 7. Bxc4 Bb4 8. O-O
O-O 9. Qe2 h6 10. e4 Bg6 11. Na2 Be7 12. Nc3 Bb4 13. Na2 Be7 14. Nc3 Bb4 15. Na2 1/2-1/2

[Event "23rd European Teams"]
[Site "Terme Catez SLO"]
[Date "2021.11.15"]
[Round "4.6"]
[Board "2"]
[White "Van Foreest, Jorden"]
[Black "Borisek, Jure"]
[Result "1-0"]
[WhiteTitle "GM"]
[BlackTitle "GM"]
[WhiteElo "2701"]
[BlackElo "2595"]
[WhiteTeam "Netherlands"]
[BlackTeam "Slovenia 1"]
[WhiteFideId "1039784"]
[BlackFideId "14603152"]
[EventDate "2021.11.12"]

1. e4 e5 2. Nf3 Nc6 3. d4 exd4 4. Nxd4 Nf6 5. Nxc6 bxc6 6. e5 Qe7 7. Qe2 Nd5 8.
c4 Ba6 9. Nd2 g6 10. Nf3 Bg7 11. Bg5 Qb4+ 12. Qd2 Qxd2+ 13. Kxd2 Nb6 14. b3 O-O
15. Re1 d5 16. exd6 cxd6 17. Bd3 d5 18. cxd5 Bxd3 19. Kxd3 Nxd5 20. Bd2 a5 21.
a4 Rfd8 22. Kc2 Bf8 23. Re2 Bb4 24. Rd1 f6 25. Ne1 Re8 26. Rxe8+ Rxe8 27. Kd3
Bxd2 28. Kxd2 Nf4 29. Nd3 Re2+ 30. Kc3 Nxd3 31. Rxd3 Rxf2 32. b4 axb4+ 33. Kxb4
Rxg2 34. a5 Rxh2 35. a6 Ra2 36. Ra3 Rb2+ 37. Kc5 Rb8 38. a7 Ra8 39. Kxc6 h5 40.
Kb7 Rxa7+ 41. Rxa7 Kf7 42. Kc6+ Ke6 43. Kc5 Ke5 44. Kc4 Ke4 45. Kc3 g5 46. Kd2
Kf3 47. Ke1 Kg2 48. Ra2+ Kg1 49. Ke2 Kg2 50. Ke3+ Kg3 51. Ra1 Kg2 52. Ra2+ Kg3
53. Ke2 Kg2 54. Ra4 f5 55. Ra5 h4 56. Rxf5 g4 57. Rf2+ Kg1 58. Rf4 g3 59. Rxh4
g2 60. Rg4 1-0

[Event "23rd European Teams"]
[Site "Terme Catez SLO"]
[Date "2021.11.15"]
[Round "4.7"]
[Board "1"]
[White "Indjic, Aleksandar"]
[Black "Navara, David"]
[Result "0-1"]
[WhiteTitle "GM"]
[BlackTitle "GM"]
[WhiteElo "2612"]
[BlackElo "2699"]
[WhiteTeam "Serbia"]
[BlackTeam "Czech Republic"]
[WhiteFideId "911925"]
[BlackFideId "309095"]
[EventDate "2021.11.12"]

1. d4 Nf6 2. c4 e6 3. Nf3 d5 4. Nc3 Bb4 5. Qa4+ Nc6 6. a3 Bxc3+ 7. bxc3 Bd7 8.
cxd5 exd5 9. Qc2 Na5 10. Bg5 h6 11. Bxf6 Qxf6 12. Ne5 Bf5 13. Qa4+ Nc6 14. e3
O-O 15. Nf3 a6 16. Be2 b5 17. Qd1 Na5 18. O-O Nc4 19. Nd2 Rfe8 20. Nb3 Qg5 21.
Nc5 Bh3 22. Bf3 h5 23. Ra2 Bg4 24. Kh1 a5 25. h3 Bxf3 26. gxf3 Reb8 27. Qe2 Rb6
28. Rg1 Qf5 29. Kh2 Re8 30. f4 Rg6 31. Rxg6 Qxg6 32. Ra1 Qf5 33. Nd3 f6 34. Kg2
c6 35. Kh2 g6 36. h4 Kh7 37. Kg3 Kh6 38. Kh2 a4 39. Kg2 Qe4+ 40. Kh2 Re7 41. Kg3
Nd6 42. Kh3 Nf5 43. Rg1 Qe6 44. Kh2 Nxh4 45. Rg3 Nf5 46. Rg1 Qe4 47. Qd1 Nd6 48.
Nb4 Nc4 49. Nxc6 Rc7 50. Nb4 Nxa3 51. f3 Qf5 52. Qc1 Nc4 53. Re1 Re7 54. Kg2 g5
55. Nxd5 Qxd5 56. e4 Qd6 57. e5 fxe5 58. fxe5 Qg6 0-1

[Event "23rd European Teams"]
[Site "Terme Catez SLO"]
[Date "2021.11.15"]
[Round "4.7"]
[Board "3"]
[White "Ivanisevic, Ivan"]
[Black "Krejci, Jan2"]
[Result "1-0"]
[WhiteTitle "GM"]
[BlackTitle "GM"]
[WhiteElo "2604"]
[BlackElo "2565"]
[WhiteTeam "Serbia"]
[BlackTeam "Czech Republic"]
[WhiteFideId "912417"]
[BlackFideId "322156"]
[EventDate "2021.11.12"]

1. d4 d5 2. Nf3 Nf6 3. Bf4 Bf5 4. e3 e6 5. Nbd2 Bd6 6. Ne5 Nfd7 7. g4 Bg6 8. h4
Bxe5 9. dxe5 h6 10. h5 Bh7 11. Rg1 Nc6 12. g5 hxg5 13. Bxg5 Ne7 14. Bf4 Rg8 15.
Nf3 c6 16. a4 Qb6 17. Ra2 a5 18. Nd4 c5 19. Nb5 Nc6 20. c3 Ncxe5 21. b3 f6 22.
Rd2 g5 23. hxg6 Bxg6 24. Bxe5 Nxe5 25. f4 Nd7 26. Rxg6 Rxg6 27. Qh5 Kf7 28. f5
exf5 29. Rxd5 Qe6 30. Rxd7+ Qxd7 31. Qh7+ Ke6 32. Bc4+ 1-0

[Event "23rd European Teams"]
[Site "Terme Catez SLO"]
[Date "2021.11.15"]
[Round "4.9"]
[Board "3"]
[White "Stevic, Hrvoje"]
[Black "Smirin, Ilia"]
[Result "1/2-1/2"]
[WhiteTitle "GM"]
[BlackTitle "GM"]
[WhiteElo "2581"]
[BlackElo "2616"]
[WhiteTeam "Croatia"]
[BlackTeam "Israel"]
[WhiteFideId "14502569"]
[BlackFideId "2801990"]
[EventDate "2021.11.12"]

1. e4 c5 2. Nf3 Nc6 3. Bb5 e6 4. O-O Nge7 5. Re1 Nd4 6. Nxd4 cxd4 7. d3 Ng6 8.
Qh5 Qc7 9. Ba4 Qc5 10. Qxc5 Bxc5 11. Nd2 a6 12. Nf3 b5 13. Bb3 Bb7 14. c3 dxc3
15. bxc3 O-O 16. Bd2 Ba3 17. Rab1 f5 18. c4 fxe4 19. dxe4 Rac8 20. cxb5 axb5 21.
Ba4 Bxe4 22. Rxe4 bxa4 23. Rxa4 Ra8 24. Rxa8 Rxa8 25. Rb7 Be7 26. Rxd7 Rxa2 27.
g3 Bf6 28. Be3 Ne5 29. Nxe5 Bxe5 30. Ra7 Rxa7 31. Bxa7 1/2-1/2

[Event "23rd European Teams"]
[Site "Terme Catez SLO"]
[Date "2021.11.15"]
[Round "4.10"]
[Board "2"]
[White "Dragnev, Valentin"]
[Black "Lupulescu, Constantin"]
[Result "1-0"]
[WhiteTitle "GM"]
[BlackTitle "GM"]
[WhiteElo "2548"]
[BlackElo "2624"]
[WhiteTeam "Austria"]
[BlackTeam "Romania"]
[WhiteFideId "1634852"]
[BlackFideId "1207822"]
[EventDate "2021.11.12"]

1. e4 c5 2. Nf3 d6 3. d4 cxd4 4. Nxd4 Nf6 5. Nc3 Nc6 6. Bg5 Bd7 7. Qd2 h6 8.
Bxf6 gxf6 9. O-O-O Nxd4 10. Qxd4 Qa5 11. f4 Rc8 12. Kb1 Qc5 13. Qd2 f5 14. exf5
Bxf5 15. Bb5+ Bd7 16. Rhe1 Kd8 17. Re5 Qb6 18. Bxd7 Kxd7 19. Rb5 Qa6 20. Qd5 Rc7
21. Qxf7 Rxc3 22. Qf5+ e6 23. Qf7+ Be7 24. Re5 Rc7 25. Rxe6 Kd8 26. Qg7 Re8 27.
Qg6 Rh8 28. a3 Kc8 29. Qg7 Re8 30. Qxh6 Qc4 31. Qg6 Rf8 32. g3 Rd8 33. Rde1 Bf8
34. Re8 Qf7 35. Qg4+ Rd7 36. R8e6 Kb8 37. f5 Rc8 38. Qf3 Rdc7 39. R1e2 Qd7 40.
g4 Qb5 41. R6e3 Bh6 42. Rb3 Qa6 43. h4 Bf4 44. g5 Be5 45. f6 Rc4 46. Rb4 Rxb4
47. axb4 Qc4 48. f7 Rf8 49. Rxe5 dxe5 50. g6 Qd4 51. Qf6 Qd1+ 52. Ka2 Qd5+ 53.
b3 1-0

[Event "23rd European Teams"]
[Site "Terme Catez SLO"]
[Date "2021.11.15"]
[Round "4.12"]
[Board "2"]
[White "Pasko, Llambi"]
[Black "McShane, Luke J"]
[Result "0-1"]
[WhiteTitle "IM"]
[BlackTitle "GM"]
[WhiteElo "2417"]
[BlackElo "2667"]
[WhiteTeam "Albania"]
[BlackTeam "England"]
[WhiteFideId "4701178"]
[BlackFideId "404853"]
[EventDate "2021.11.12"]

1. d4 Nf6 2. c4 g6 3. Nc3 Bg7 4. e4 d6 5. Nf3 O-O 6. Be2 e5 7. O-O Na6 8. d5 Nc5
9. Qc2 a5 10. Bg5 h6 11. Be3 b6 12. Nd2 Bg4 13. Bxg4 Nxg4 14. Bxc5 bxc5 15. a3
h5 16. b4 axb4 17. axb4 Rxa1 18. Rxa1 cxb4 19. Nb5 c6 20. h3 cxb5 21. hxg4 hxg4
22. cxb5 Qb6 23. Nc4 Qd4 24. Rd1 Qc5 25. Ne3 Qxb5 26. Qc6 Qb8 27. g3 b3 28. Rb1
Qb4 29. Qc4 Rb8 30. Qd3 Bh6 31. Nxg4 Bg5 32. Kg2 b2 33. Qc2 Kg7 34. Nh2 Bc1 35.
Nf3 Ra8 36. Ng1 Ra1 37. Ne2 Rxb1 38. Qxb1 Qe1 39. Ng1 Qa5 0-1